000 00244nam a2200109Ia 4500
008 190216s9999||||xx |||||||||||||| ||und||
100 _aVictor Hugo
245 0 _aHindi-Amago
260 _bRadhakrishna Prakashan
650 _aHindi
942 _cBK
999 _c15291
_d15291